[Event "FIDE WCC Blitz Women 2019"]
[Site "Moscow"]
[Date "2019.12.29"]
[Round "9.60"]
[White "Nur-Mukhametova, Alisa"]
[Black "Zhuravleva, Olga"]
[Result "0-1"]
[WhiteElo "1832"]
[BlackElo "2127"]
[Annotator "NA"]
[PlyCount "106"]
[EventDate "2019.12.29"]
[EventType "swiss"]
[EventCountry "RUS"]
[SourceTitle "playchess.com"]
[Source "ChessBase"]
[SourceQuality "1"]

1. e4 e5 2. Nf3 Nc6 3. Bb5 f5 4. Nc3 Nf6 5. Bxc6 dxc6 6. Nxe5 Bc5 7. O-O O-O 8. Nd3 Bd4 9. e5 Ng4 10. h3 Nxe5 11. Nxe5 Bxe5 12. Re1 Qf6 13. Qe2 Bd6 14. b3 Bd7 15. Bb2 Qg6 16. Qf3 Kh8 17. Ne2 Qh6 18. d3 a5 19. Bc1 Qf6 20. Bf4 Bb4 21. c3 Bd6 22. d4 Be6 23. c4 Bd7 24. Rad1 Bb4 25. Rf1 Rae8 26. Be5 Qg6 27. Nf4 Qf7 28. Nh5 Bd6 29. Bxg7+ Kg8 30. Bxf8 Rxf8 31. c5 Be7 32. Qg3+ Kh8 33. Nf4 Rg8 34. Qf3 Bf6 35. Rfe1 Qg7 36. Nh5 Qf7 37. Nxf6 Qxf6 38. Qf4 Qg6 39. Qe5+ Rg7 40. g3 h6 41. Qxc7 f4 42. Qxf4 Bxh3 43. Qf8+ Kh7 44. Qf4 Bg4 45. Rc1 Qh5 46. Qe4+ Bf5 47. Qh1 Qg6 48. Qg2 Be6 49. f3 Bd5 50. Kf1 Qd3+ 51. Re2 Qxd4 52. Rf2 Rf7 53. Kg1 Qd3 0-1

[Event "FIDE WCC Blitz Women 2019"]
[Site "Moscow"]
[Date "2019.12.29"]
[Round "9.61"]
[White "Guindy, Esmat Susanne"]
[Black "Geller, Anastasiya"]
[Result "0-1"]
[WhiteElo "2120"]
[BlackElo "2073"]
[Annotator "NA"]
[PlyCount "124"]
[EventDate "2019.12.29"]
[EventType "swiss"]
[EventCountry "RUS"]
[SourceTitle "playchess.com"]
[Source "ChessBase"]
[SourceQuality "1"]

1. d4 d5 2. c4 e6 3. Nc3 c6 4. cxd5 exd5 5. Qc2 Nf6 6. Bg5 Be7 7. e3 h6 8. Bh4 O-O 9. Bd3 Re8 10. Nge2 Ne4 11. Bxe7 Qxe7 12. Bxe4 dxe4 13. Ng3 f5 14. O-O Be6 15. b3 Na6 16. a3 Nc7 17. Nge2 Bf7 18. Rfb1 Ne6 19. Na4 Ng5 20. b4 a6 21. Nb6 Rad8 22. Nc4 Bd5 23. Nf4 Nf7 24. Ng6 Qg5 25. Nge5 Bxc4 26. Qxc4 Rd5 27. Nxf7 Kxf7 28. a4 f4 29. exf4 Qxf4 30. b5 axb5 31. axb5 e3 32. fxe3 Qxe3+ 33. Kh1 Qxd4 34. Qxd4 Rxd4 35. bxc6 bxc6 36. Ra7+ Re7 37. Rxe7+ Kxe7 38. Kg1 Kd6 39. Kf2 Re4 40. Kf3 Re7 41. Rd1+ Kc5 42. Rc1+ Kb5 43. Rb1+ Kc5 44. Rc1+ Kd6 45. Rd1+ Kc7 46. Rc1 Re6 47. g3 Re5 48. Kf4 Kd6 49. Ra1 Re2 50. h4 Re7 51. Rd1+ Ke6 52. Re1+ Kf6 53. Rc1 Re6 54. g4 g5+ 55. hxg5+ hxg5+ 56. Kf3 Ke5 57. Rc5+ Kf6 58. Rf5+ Kg6 59. Rc5 Rd6 60. Rf5 Rf6 61. Ke4 Rxf5 62. gxf5+ Kf6 0-1

[Event "FIDE WCC Blitz Women 2019"]
[Site "Moscow"]
[Date "2019.12.30"]
[Round "10.2"]
[White "Koneru, Humpy"]
[Black "Kashlinskaya, Alina"]
[Result "1-0"]
[WhiteElo "2489"]
[BlackElo "2282"]
[Annotator "ChessBase"]
[PlyCount "85"]
[EventDate "2019.12.29"]
[EventType "swiss"]
[EventCountry "RUS"]
[SourceTitle "playchess.com"]
[Source "ChessBase"]
[SourceQuality "1"]

1. d4 Nf6 2. c4 e6 3. Nf3 Bb4+ 4. Nbd2 O-O 5. e3 d5 6. a3 Be7 7. Bd3 c5 8. b3 cxd4 9. exd4 Nbd7 10. O-O b6 11. Bb2 Bb7 12. Qe2 Nh5 13. Qe3 Bd6 14. g3 Nhf6 15. Rfd1 Rc8 16. Qe2 Re8 17. Ne5 Nf8 18. Rac1 Qe7 19. a4 Ng6 20. Nf1 dxc4 21. bxc4 Bxe5 22. dxe5 Nd7 23. Be4 Nc5 24. Bxb7 Qxb7 25. Qc2 Qc6 26. Ra1 Red8 27. Ne3 a5 28. Bd4 Rxd4 29. Rxd4 Nxe5 30. Rdd1 Nf3+ 31. Kf1 Nxh2+ 32. Kg1 Nf3+ 33. Kf1 h6 34. Ng4 Ne4 35. Ra3 Nfd2+ 36. Kg1 Nxc4 37. Rad3 Qc7 38. Rd7 Qb8 39. Qxe4 f5 40. Qxe6+ Kh8 41. Nxh6 Ne5 42. Qxe5 Qxe5 43. Nf7+ 1-0

[Event "FIDE WCC Blitz Women 2019"]
[Site "Moscow"]
[Date "2019.12.30"]
[Round "10.3"]
[White "Tan, Zhongyi"]
[Black "Charochkina, Daria"]
[Result "1/2-1/2"]
[WhiteElo "2480"]
[BlackElo "2212"]
[Annotator "ChessBase"]
[PlyCount "116"]
[EventDate "2019.12.29"]
[EventType "swiss"]
[EventCountry "RUS"]
[SourceTitle "playchess.com"]
[Source "ChessBase"]
[SourceQuality "1"]

1. d4 d6 2. c4 e5 3. Nf3 exd4 4. Nxd4 g6 5. g3 Bg7 6. Bg2 Ne7 7. O-O Nbc6 8. Nc2 Ne5 9. Ne3 O-O 10. Nc3 Nf5 11. Ncd5 c6 12. Nxf5 Bxf5 13. Ne3 Be6 14. Qc2 Qe7 15. Rb1 Rac8 16. b3 d5 17. cxd5 cxd5 18. Qd2 d4 19. Nd5 Qd7 20. Nf4 Bf5 21. Nd3 Bxd3 22. exd3 Rc3 23. Ba3 Rfc8 24. Rbd1 Rxd3 25. Qa5 b6 26. Qa6 Rdc3 27. Bb2 Qc7 28. Bxc3 dxc3 29. Rc1 Nd7 30. Bh3 Rf8 31. Bxd7 Qxd7 32. Rfd1 Qc7 33. Qd3 h5 34. Qd7 Qc5 35. h4 Rc8 36. Rc2 Rc7 37. Qd5 Qxd5 38. Rxd5 Bf6 39. Kf1 Kg7 40. Ke2 Rc6 41. Rd3 Re6+ 42. Re3 Rc6 43. Kd1 Rd6+ 44. Kc1 Rc6 45. Rce2 Rd6 46. Kc2 Rc6 47. Rd3 Rc5 48. Rd7 a5 49. a4 Rf5 50. Rd6 Rf3 51. Rd3 Rf5 52. Rd6 b5 53. axb5 Rxb5 54. Rd3 a4 55. bxa4 Rb2+ 56. Kd1 Rb1+ 57. Kc2 Rb2+ 58. Kd1 Rb1+ 1/2-1/2

[Event "FIDE WCC Blitz Women 2019"]
[Site "Moscow"]
[Date "2019.12.30"]
[Round "10.4"]
[White "Munguntuul, Batkhuyag"]
[Black "Muzychuk, Anna"]
[Result "0-1"]
[WhiteElo "2282"]
[BlackElo "2504"]
[Annotator "ChessBase"]
[PlyCount "82"]
[EventDate "2019.12.29"]
[EventType "swiss"]
[EventCountry "RUS"]
[SourceTitle "playchess.com"]
[Source "ChessBase"]
[SourceQuality "1"]

1. e4 e5 2. Nf3 Nc6 3. Bb5 a6 4. Ba4 Nf6 5. d3 d6 6. c4 g6 7. Nc3 Bg7 8. Nd5 h6 9. Be3 O-O 10. Nxf6+ Qxf6 11. h3 Qe7 12. O-O f5 13. Bd2 f4 14. Bc3 g5 15. Nh2 Be6 16. Re1 Nd4 17. Nf3 Nxf3+ 18. Qxf3 Qf7 19. Bd1 b5 20. b3 c5 21. Be2 Kh7 22. Red1 Bf6 23. Bb2 Rg8 24. g4 fxg3 25. Qxg3 Be7 26. Kh2 Raf8 27. f3 h5 28. Rg1 Rg6 29. Rg2 Rfg8 30. Rag1 Qe8 31. Bc1 Qd7 32. Bf1 h4 33. Qf2 Bxh3 34. Rxg5 Bxg5 35. Bxg5 Bxf1 36. Qxh4+ Kg7 37. Bf6+ Kf7 38. Rxf1 Rxf6 39. Qh5+ Kf8 40. Rf2 Qg7 41. Qh3 Qg1# 0-1

[Event "FIDE WCC Blitz Women 2019"]
[Site "Moscow"]
[Date "2019.12.30"]
[Round "10.5"]
[White "Harika, Dronavalli"]
[Black "Bodnaruk, Anastasia"]
[Result "0-1"]
[WhiteElo "2445"]
[BlackElo "2375"]
[Annotator "NA"]
[PlyCount "129"]
[EventDate "2019.12.29"]
[EventType "swiss"]
[EventCountry "RUS"]
[SourceTitle "playchess.com"]
[Source "ChessBase"]
[SourceQuality "1"]

1. f4 d5 2. Nf3 Nf6 3. g3 g6 4. Bg2 Bg7 5. O-O O-O 6. d3 c5 7. Qe1 Nc6 8. e4 dxe4 9. dxe4 e6 10. Nc3 b6 11. e5 Nd5 12. Nxd5 exd5 13. c3 Qe7 14. Be3 Be6 15. Rd1 Rad8 16. Ng5 Qc7 17. Nxe6 fxe6 18. Rd2 d4 19. Bf2 dxc3 20. bxc3 Ne7 21. Qc1 Rxd2 22. Qxd2 Rd8 23. Qc2 Rd7 24. Rd1 Qd8 25. Rxd7 Qxd7 26. Be4 Kf7 27. h3 h6 28. Qe2 Qd8 29. Kg2 Qd7 30. g4 g5 31. Qf3 Kg8 32. fxg5 hxg5 33. Qe3 Bxe5 34. Qxg5+ Bg7 35. h4 Nd5 36. h5 Qe7 37. Qd2 Bxc3 38. Qc2 Bg7 39. Qd2 Qf7 40. Bxd5 exd5 41. h6 Bh8 42. g5 Qf5 43. Qe3 Qg4+ 44. Bg3 Qe4+ 45. Qxe4 dxe4 46. g6 c4 47. Kf2 c3 48. Ke2 b5 49. Bc7 Bd4 50. Ba5 e3 51. Bb4 c2 52. Ba3 b4 53. Bc1 a5 54. Kd3 a4 55. Kxc2 e2 56. Kd2 Be3+ 57. Kxe2 Bxc1 58. Kd3 Bxh6 59. Kc4 Bf8 60. Kd3 Kg7 61. Kc4 Kxg6 62. Kb5 a3 63. Kc4 Kf5 64. Kb3 Ke4 65. Kc2 0-1

[Event "FIDE WCC Blitz Women 2019"]
[Site "Moscow"]
[Date "2019.12.30"]
[Round "10.6"]
[White "Arabidze, Meri"]
[Black "Abdumalik, Zhansaya"]
[Result "1/2-1/2"]
[WhiteElo "2412"]
[BlackElo "2415"]
[Annotator "NA"]
[PlyCount "89"]
[EventDate "2019.12.29"]
[EventType "swiss"]
[EventCountry "RUS"]
[SourceTitle "playchess.com"]
[Source "ChessBase"]
[SourceQuality "1"]

1. Nf3 Nf6 2. c4 c5 3. Nc3 b6 4. e3 Bb7 5. d4 d6 6. d5 g6 7. Bd3 Bg7 8. O-O O-O 9. e4 Nbd7 10. h3 a6 11. a4 e5 12. dxe6 fxe6 13. Ng5 Qe7 14. f4 h6 15. Nf3 Nh5 16. Ne2 Rad8 17. Qc2 Kh8 18. Bd2 Rg8 19. Rae1 Bc6 20. Bc3 e5 21. Nh2 Rgf8 22. Qd2 exf4 23. Nxf4 Nxf4 24. Rxf4 Bxc3 25. Rxf8+ Qxf8 26. Qxc3+ Qg7 27. Qb3 Re8 28. Nf3 Ne5 29. Nxe5 Qxe5 30. Qxb6 Bxa4 31. Qxa6 Bd7 32. Qa3 Qg3 33. Rd1 Bxh3 34. Bf1 Qg4 35. Rxd6 Qf4 36. Qc3+ Kh7 37. Rd1 Bg4 38. Re1 Rxe4 39. Rxe4 Qxe4 40. b4 cxb4 41. Qxb4 Qd4+ 42. Kh2 Qe5+ 43. Kg1 Qd4+ 44. Kh2 Qe5+ 45. Kg1 1/2-1/2

[Event "FIDE WCC Blitz Women 2019"]
[Site "Moscow"]
[Date "2019.12.30"]
[Round "10.7"]
[White "Lei, Tingjie"]
[Black "Gvetadze, Sofio"]
[Result "1-0"]
[WhiteElo "2543"]
[BlackElo "2202"]
[Annotator "ChessBase"]
[PlyCount "59"]
[EventDate "2019.12.29"]
[EventType "swiss"]
[EventCountry "RUS"]
[SourceTitle "playchess.com"]
[Source "ChessBase"]
[SourceQuality "1"]

1. d4 Nf6 2. c4 e6 3. g3 d5 4. Bg2 Bb4+ 5. Bd2 Be7 6. Nf3 b6 7. O-O Bb7 8. Qc2 Nbd7 9. Bf4 c6 10. Nc3 O-O 11. Rfd1 Rc8 12. e4 dxc4 13. a4 a5 14. h4 Ba6 15. d5 cxd5 16. exd5 exd5 17. Nxd5 Nxd5 18. Rxd5 Rc5 19. Rd2 Qc8 20. Re1 c3 21. bxc3 Rxc3 22. Qd1 Bb4 23. Rxd7 Rxf3 24. Bxf3 Bxe1 25. Bg4 Qc3 26. Rd8 g6 27. Rxf8+ Kxf8 28. Bh6+ Ke7 29. Qd7+ Kf6 30. Qd6# 1-0

[Event "FIDE WCC Blitz Women 2019"]
[Site "Moscow"]
[Date "2019.12.30"]
[Round "10.8"]
[White "Muzychuk, Mariya"]
[Black "Stefanova, Antoaneta"]
[Result "1/2-1/2"]
[WhiteElo "2344"]
[BlackElo "2452"]
[Annotator "ChessBase"]
[PlyCount "96"]
[EventDate "2019.12.29"]
[EventType "swiss"]
[EventCountry "RUS"]
[SourceTitle "playchess.com"]
[Source "ChessBase"]
[SourceQuality "1"]

1. e4 e5 2. Nf3 Nc6 3. d4 exd4 4. Bc4 Nf6 5. O-O d6 6. Nxd4 Ne5 7. Bb3 c5 8. Ba4+ Bd7 9. Bxd7+ Qxd7 10. Nf3 Be7 11. Nc3 Rd8 12. Bf4 Ng6 13. Bg3 O-O 14. Qe2 Rfe8 15. Rad1 Qc6 16. Qc4 Bf8 17. Rfe1 h6 18. Nd5 Ng4 19. h3 N4e5 20. Nxe5 Nxe5 21. Qc3 b5 22. a3 Nc4 23. a4 a6 24. axb5 axb5 25. b3 Ne5 26. f4 Nd7 27. f5 Nb6 28. f6 Nxd5 29. exd5 Rxe1+ 30. Qxe1 Qd7 31. fxg7 Bxg7 32. Qe4 Re8 33. Qf3 b4 34. Rf1 Re7 35. Qf5 Qxf5 36. Rxf5 Rd7 37. Rf1 Bf8 38. Re1 Ra7 39. Re8 Kg7 40. Rd8 Ra6 41. Kf1 Be7 42. Rd7 Kf8 43. Ke2 Ke8 44. Rb7 Ra1 45. Rb8+ Kd7 46. Rb7+ Ke8 47. Rb8+ Kd7 48. Rb7+ Ke8 1/2-1/2

[Event "FIDE WCC Blitz Women 2019"]
[Site "Moscow"]
[Date "2019.12.30"]
[Round "10.9"]
[White "Mkrtchian, Lilit"]
[Black "Dzagnidze, Nana"]
[Result "0-1"]
[WhiteElo "2268"]
[BlackElo "2432"]
[Annotator "NA"]
[PlyCount "60"]
[EventDate "2019.12.29"]
[EventType "swiss"]
[EventCountry "RUS"]
[SourceTitle "playchess.com"]
[Source "ChessBase"]
[SourceQuality "1"]

1. e4 c5 2. Nc3 Nc6 3. Bb5 e6 4. Bxc6 bxc6 5. d3 Ne7 6. Be3 Ng6 7. f4 d5 8. Bd2 c4 9. dxc4 Ba6 10. cxd5 cxd5 11. exd5 Bc5 12. Ne4 Bxg1 13. Rxg1 exd5 14. Ng3 Qb6 15. Rh1 O-O 16. Qg4 Rfe8+ 17. Kd1 Qxb2 18. Rc1 Qd4 19. Nf5 Qe4 20. Re1 Qa4 21. Nd6 Rxe1+ 22. Kxe1 Rd8 23. Nf5 Re8+ 24. Kf2 Re2+ 25. Qxe2 Bxe2 26. Kxe2 Qe4+ 27. Ne3 d4 28. Rb1 h6 29. Rb4 Nxf4+ 30. Kf2 dxe3+ 0-1

[Event "FIDE WCC Blitz Women 2019"]
[Site "Moscow"]
[Date "2019.12.30"]
[Round "10.10"]
[White "Paehtz, Elisabeth"]
[Black "Batsiashvili, Nino"]
[Result "1/2-1/2"]
[WhiteElo "2380"]
[BlackElo "2259"]
[Annotator "NA"]
[PlyCount "124"]
[EventDate "2019.12.29"]
[EventType "swiss"]
[EventCountry "RUS"]
[SourceTitle "playchess.com"]
[Source "ChessBase"]
[SourceQuality "1"]

1. d4 Nf6 2. Nf3 d5 3. c4 e6 4. g3 c5 5. Bg2 Nc6 6. O-O Be7 7. cxd5 exd5 8. dxc5 Bxc5 9. Nbd2 Bb6 10. Nb3 d4 11. Bf4 O-O 12. Ne5 Nb4 13. Nd3 Nc6 14. Rc1 Be6 15. Nbc5 Na5 16. Nxb7 Nxb7 17. Bxb7 Re8 18. Bxa8 Qxa8 19. Re1 Bh3 20. f3 Nd5 21. Qd2 h5 22. Rc2 Qd8 23. Rec1 Qd7 24. Kh1 Qe7 25. Nc5 Bxc5 26. Rxc5 Nxf4 27. gxf4 Qxe2 28. Qxe2 Rxe2 29. Rxh5 Bg2+ 30. Kg1 g6 31. Rd5 Rd2 32. b4 Bxf3 33. Rd8+ Kg7 34. b5 d3 35. a4 Be2 36. Kf2 Ra2 37. Ke3 Rxa4 38. Rd7 Bg4 39. Rxd3 Rb4 40. Rd5 Be6 41. Rdc5 Rb2 42. Ra1 Rxh2 43. Rxa7 Rh3+ 44. Kd4 Rb3 45. Rb7 Rb4+ 46. Ke5 Bf5 47. Rb8 Re4+ 48. Kd6 Rxf4 49. b6 Rb4 50. b7 Be4 51. Kc7 Kf6 52. Kc8 g5 53. Rc7 g4 54. Ra8 Bxb7+ 55. Rxb7 Rxb7 56. Kxb7 Ke5 57. Kc6 g3 58. Rg8 Kf4 59. Kd5 Kf3 60. Kd4 g2 61. Rg5 Kf2 62. Rxg2+ Kxg2 1/2-1/2

[Event "FIDE WCC Blitz Women 2019"]
[Site "Moscow"]
[Date "2019.12.30"]
[Round "10.11"]
[White "Gunina, Valentina"]
[Black "Voit, Daria"]
[Result "1-0"]
[WhiteElo "2366"]
[BlackElo "2293"]
[Annotator "NA"]
[PlyCount "67"]
[EventDate "2019.12.29"]
[EventType "swiss"]
[EventCountry "RUS"]
[SourceTitle "playchess.com"]
[Source "ChessBase"]
[SourceQuality "1"]

1. d4 Nf6 2. c4 e6 3. Nf3 b6 4. g3 Bb7 5. Bg2 Be7 6. Nc3 O-O 7. O-O Ne4 8. Bd2 f5 9. Qc2 Nxc3 10. Bxc3 Be4 11. Qb3 d6 12. Rad1 Nd7 13. Ne1 Bxg2 14. Nxg2 Nf6 15. Nf4 Qd7 16. d5 e5 17. Ne6 Rf7 18. Qc2 Ne4 19. f4 exf4 20. Rxf4 Bg5 21. Rxe4 fxe4 22. Nxg5 Rf5 23. Ne6 Qf7 24. Qxe4 Re8 25. Qg4 g6 26. Qd4 Re5 27. Qd3 Rf5 28. e4 Rh5 29. Rf1 Qe7 30. Qd4 Re5 31. Qe3 Rh5 32. g4 Rh4 33. h3 c5 34. Bf6 1-0

[Event "FIDE WCC Blitz Women 2019"]
[Site "Moscow"]
[Date "2019.12.30"]
[Round "10.12"]
[White "Galliamova, Alisa"]
[Black "Gevorgyan, Maria"]
[Result "1-0"]
[WhiteElo "2415"]
[BlackElo "2244"]
[Annotator "NA"]
[PlyCount "107"]
[EventDate "2019.12.29"]
[EventType "swiss"]
[EventCountry "RUS"]
[SourceTitle "playchess.com"]
[Source "ChessBase"]
[SourceQuality "1"]

1. d4 d5 2. c4 dxc4 3. Nf3 Nf6 4. e3 e6 5. Bxc4 a6 6. O-O c5 7. b3 b5 8. Be2 Bb7 9. a4 b4 10. Bb2 Nbd7 11. Nbd2 Be7 12. Rc1 Rc8 13. dxc5 Nxc5 14. Rc4 a5 15. Nd4 O-O 16. Nb5 Qd7 17. Qc2 Bd5 18. Bxf6 Bxc4 19. Nxc4 Bxf6 20. Nb6 Qe7 21. Nxc8 Rxc8 22. Rc1 Qd7 23. Bf3 Be7 24. Nd4 Rd8 25. Nc6 Rc8 26. Nxe7+ Qxe7 27. Qc4 Rc7 28. Qb5 g6 29. Qxa5 Qd7 30. g3 Qd6 31. Qxb4 Qe7 32. a5 e5 33. Bd5 Qf8 34. e4 Qe7 35. Qb5 Qd6 36. b4 Nd7 37. Rxc7 Qxc7 38. a6 Nb6 39. Qc6 Qd8 40. a7 Kg7 41. a8=Q Nxa8 42. Qxa8 Qb6 43. Qa3 Qd4 44. b5 g5 45. Qb3 Qa1+ 46. Kg2 h5 47. b6 h4 48. gxh4 gxh4 49. b7 Qc1 50. Qe3 Qb1 51. Qg5+ Kh7 52. Qxh4+ Kg7 53. Qg5+ Kh7 54. Qh5+ 1-0

[Event "FIDE WCC Blitz Women 2019"]
[Site "Moscow"]
[Date "2019.12.30"]
[Round "10.13"]
[White "Zhukova, Natalia"]
[Black "Saduakassova, Dinara"]
[Result "1/2-1/2"]
[WhiteElo "2239"]
[BlackElo "2390"]
[Annotator "NA"]
[PlyCount "204"]
[EventDate "2019.12.29"]
[EventType "swiss"]
[EventCountry "RUS"]
[SourceTitle "playchess.com"]
[Source "ChessBase"]
[SourceQuality "1"]

1. c4 c5 2. Nf3 Nf6 3. Nc3 Nc6 4. e3 e5 5. d4 e4 6. Ne5 h5 7. Nxc6 dxc6 8. Be2 Bg4 9. d5 Qd7 10. f3 Bf5 11. O-O O-O-O 12. Qa4 Kb8 13. dxc6 Qxc6 14. Qxc6 bxc6 15. fxe4 Bg4 16. e5 Bxe2 17. Nxe2 Ng4 18. e4 Nxe5 19. Bf4 Bd6 20. Nc3 f6 21. b3 Kc7 22. Rad1 Nf7 23. Bxd6+ Rxd6 24. Na4 Rhd8 25. Rxd6 Rxd6 26. Nxc5 h4 27. Re1 Ng5 28. Kf2 Kb6 29. Na4+ Ka5 30. Re2 Kb4 31. Nb2 Ne6 32. Ke3 Nc5 33. Kf4 Kc3 34. Kg4 g5 35. Kf5 Nd7 36. Na4+ Kb4 37. g3 hxg3 38. hxg3 Ne5 39. c5 Rd3 40. Kxf6 Nd7+ 41. Kxg5 Rxg3+ 42. Kf5 Rf3+ 43. Ke6 Nxc5+ 44. Nxc5 Kxc5 45. Rc2+ Kd4 46. Rxc6 Kxe4 47. Ra6 Rh3 48. Kd7 Kd4 49. Kc7 Kc5 50. Rxa7 Rh7+ 51. Kb8 Rh8+ 52. Kb7 Kb5 53. Ra4 Rh7+ 54. Kc8 Rh8+ 55. Kd7 Rh7+ 56. Kd6 Rh6+ 57. Kd5 Rh5+ 58. Ke6 Rh6+ 59. Kf5 Rh5+ 60. Kg6 Re5 61. Ra8 Re6+ 62. Kf5 Re2 63. Kf4 Re7 64. Kf3 Re6 65. Ra4 Re1 66. Kf2 Re6 67. Kf3 Re7 68. Re4 Ra7 69. Re2 Kb4 70. Ke3 Re7+ 71. Kd3 Rd7+ 72. Kc2 Ka3 73. Kc1 Rc7+ 74. Rc2 Rh7 75. Kd2 Rd7+ 76. Kc3 Rc7+ 77. Kd3 Rd7+ 78. Ke4 Rd8 79. Ke5 Rd7 80. Ke4 Rd8 81. Ke3 Re8+ 82. Kd2 Rd8+ 83. Kc1 Rh8 84. Rd2 Rc8+ 85. Kd1 Rc7 86. Ke2 Re7+ 87. Kd3 Rd7+ 88. Ke3 Re7+ 89. Kf4 Re8 90. Kf3 Re7 91. Re2 Rd7 92. Ke3 Rd8 93. Rd2 Rc8 94. Kd3 Rc7 95. Kd4 Rd7+ 96. Ke3 Rc7 97. Ke4 Rc8 98. Rd5 Kxa2 99. b4 Kb3 100. b5 Kb4 101. b6 Rb8 102. Rd6 Kb5 1/2-1/2

[Event "FIDE WCC Blitz Women 2019"]
[Site "Moscow"]
[Date "2019.12.30"]
[Round "10.15"]
[White "Goltseva, Ekaterina"]
[Black "Guichard, Pauline"]
[Result "0-1"]
[WhiteElo "2143"]
[BlackElo "2335"]
[Annotator "NA"]
[PlyCount "134"]
[EventDate "2019.12.29"]
[EventType "swiss"]
[EventCountry "RUS"]
[SourceTitle "playchess.com"]
[Source "ChessBase"]
[SourceQuality "1"]

1. d4 Nf6 2. c4 e6 3. Nc3 Bb4 4. e3 O-O 5. Bd3 c5 6. Nge2 d5 7. cxd5 cxd4 8. exd4 Nxd5 9. O-O Nc6 10. Be4 Bd6 11. Qd3 Qh4 12. g3 Qh5 13. Bf3 Qg6 14. Qxg6 hxg6 15. Nxd5 exd5 16. Bxd5 Nb4 17. Bf3 Nc2 18. Rb1 Bf5 19. Bf4 Bxf4 20. gxf4 Rfd8 21. Rbd1 Rac8 22. a3 Rc4 23. d5 Rd6 24. Rd2 b5 25. Rfd1 a5 26. Nd4 Nxd4 27. Rxd4 Rc2 28. R1d2 Rc1+ 29. Kg2 Kf8 30. Rd1 Rc2 31. R4d2 Rc4 32. Kg3 Ke7 33. Be2 Rc5 34. f3 b4 35. axb4 axb4 36. b3 Rc3 37. Bc4 Kf6 38. Kg2 Re3 39. Kf2 Rc3 40. Re2 g5 41. fxg5+ Kxg5 42. Rg1+ Kf4 43. Rg3 g5 44. Rd2 f6 45. Rd4+ Ke5 46. Rd2 Rc1 47. Re2+ Kf4 48. Rd2 Rc3 49. Rd4+ Ke5 50. Rd2 Bc2 51. Re2+ Kf5 52. Rd2 Bxb3 53. Bd3+ Ke5 54. f4+ gxf4 55. Re2+ Kxd5 56. Be4+ Kc5 57. Rg8 Re6 58. Rc8+ Kd4 59. Rd8+ Kc5 60. Rc8+ Kd6 61. Rd8+ Ke7 62. Rd4 Bc4 63. Rb2 b3 64. Bf5 Re5 65. Bg4 Bd5 66. Rxf4 Rc2+ 67. Rxc2 bxc2 0-1

[Event "FIDE WCC Blitz Women 2019"]
[Site "Moscow"]
[Date "2019.12.30"]
[Round "10.16"]
[White "Mammadzada, Gunay"]
[Black "Diakonova, Ekaterina"]
[Result "0-1"]
[WhiteElo "2314"]
[BlackElo "2090"]
[Annotator "NA"]
[PlyCount "37"]
[EventDate "2019.12.29"]
[EventType "swiss"]
[EventCountry "RUS"]
[SourceTitle "playchess.com"]
[Source "ChessBase"]
[SourceQuality "1"]

1. e4 c6 2. Nc3 d5 3. Nf3 Bg4 4. d4 e6 5. h3 Bxf3 6. gxf3 Nf6 7. Be3 Bb4 8. Qd3 Bxc3+ 9. bxc3 Nbd7 10. e5 Nh5 11. f4 g6 12. c4 Nb6 13. c5 Nc4 14. Qc3 Nxe3 15. fxe3 Ng3 16. Rg1 Ne4 17. Qb4 Qh4+ 18. Kd1 Qf2 19. Qe1 0-1

[Event "FIDE WCC Blitz Women 2019"]
[Site "Moscow"]
[Date "2019.12.30"]
[Round "10.17"]
[White "Doluhanova, Evgeniya"]
[Black "Bulmaga, Irina"]
[Result "0-1"]
[WhiteElo "2222"]
[BlackElo "2308"]
[Annotator "NA"]
[PlyCount "72"]
[EventDate "2019.12.29"]
[EventType "swiss"]
[EventCountry "RUS"]
[SourceTitle "playchess.com"]
[Source "ChessBase"]
[SourceQuality "1"]

1. d4 Nf6 2. Bf4 g6 3. Nc3 Bg7 4. e4 d6 5. Bd3 O-O 6. Qd2 a6 7. O-O-O Nc6 8. Nf3 Bg4 9. Be2 b5 10. h3 Bc8 11. e5 Nd7 12. Bh6 Nb6 13. Bxg7 Kxg7 14. exd6 exd6 15. d5 Ne5 16. Nxe5 dxe5 17. f4 b4 18. Ne4 Bb7 19. fxe5 Bxd5 20. Nf6 Be6 21. Qxb4 Qc8 22. h4 Rb8 23. h5 Nc4 24. hxg6 Rxb4 25. Rxh7+ Kxg6 26. Rdh1 Nxe5 27. R1h6+ Kf5 28. g4+ Kf4 29. Nh5+ Ke3 30. Bd3 Nxd3+ 31. cxd3 Qb7 32. Nf6 Qc6+ 33. Kb1 Rf4 34. Rh3+ Rf3 35. Rxf3+ Kxf3 36. Ne4 Bxg4 0-1

[Event "FIDE WCC Blitz Women 2019"]
[Site "Moscow"]
[Date "2019.12.30"]
[Round "10.18"]
[White "Socko, Monika"]
[Black "Matveeva, Svetlana"]
[Result "1-0"]
[WhiteElo "2286"]
[BlackElo "2239"]
[Annotator "NA"]
[PlyCount "95"]
[EventDate "2019.12.29"]
[EventType "swiss"]
[EventCountry "RUS"]
[SourceTitle "playchess.com"]
[Source "ChessBase"]
[SourceQuality "1"]

1. d4 e6 2. c4 b6 3. a3 Bb7 4. Nc3 f5 5. d5 Nf6 6. Nh3 Na6 7. g3 Nc5 8. Bg2 Bd6 9. O-O O-O 10. Qc2 Be5 11. Rd1 Qe7 12. Be3 Bxc3 13. Qxc3 Nce4 14. Qc2 exd5 15. Nf4 dxc4 16. Qxc4+ d5 17. Qc2 c5 18. Nd3 Rac8 19. Rac1 Rfe8 20. Bf4 d4 21. f3 Nd6 22. Re1 Nd5 23. Qd2 Nxf4 24. Nxf4 Qe3+ 25. Qxe3 Rxe3 26. Kf2 Rce8 27. h4 g6 28. Red1 Ba6 29. Bf1 Kf7 30. Rc2 R3e7 31. Nh3 Nc4 32. Rdc1 Ne3 33. Rd2 h6 34. Ng1 Rd7 35. Bh3 Kf6 36. f4 Red8 37. Nf3 Nc4 38. Rdc2 Nd6 39. Ne5 Rc7 40. Bg2 Nf7 41. Nc6 Rd6 42. Nb8 Bb7 43. b4 Bxg2 44. Kxg2 Rd8 45. Na6 Rc6 46. bxc5 bxc5 47. Nxc5 Nd6 48. Nd7+ 1-0

[Event "FIDE WCC Blitz Women 2019"]
[Site "Moscow"]
[Date "2019.12.30"]
[Round "10.19"]
[White "Dordzhieva, Dinara"]
[Black "Gaponenko, Inna"]
[Result "0-1"]
[WhiteElo "2222"]
[BlackElo "2415"]
[Annotator "NA"]
[PlyCount "124"]
[EventDate "2019.12.29"]
[EventType "swiss"]
[EventCountry "RUS"]
[SourceTitle "playchess.com"]
[Source "ChessBase"]
[SourceQuality "1"]

1. d4 Nf6 2. c4 g6 3. Nf3 Bg7 4. g3 c5 5. Nc3 cxd4 6. Nxd4 O-O 7. Bg2 Qc7 8. b3 d5 9. Ndb5 Qa5 10. O-O dxc4 11. Bd2 Qd8 12. bxc4 a6 13. Na3 Nc6 14. c5 Be6 15. Rb1 Qd7 16. Bf4 Rad8 17. Qc1 Nd5 18. Nxd5 Bxd5 19. Rd1 Qe6 20. e4 Bxa2 21. Rxb7 Nd4 22. Re1 Rc8 23. h3 Qc6 24. Rb6 Qa4 25. e5 Be6 26. Qb2 Rfd8 27. Rb4 Qa5 28. Nc4 Bxc4 29. Rxc4 Qxe1+ 30. Kh2 Ne2 31. h4 Qg1+ 32. Kh3 Qxf2 33. Qb3 Nxf4+ 34. Rxf4 Qd2 35. Qxf7+ Kh8 36. Qxe7 Qd7+ 37. Qxd7 Rxd7 38. c6 Re7 39. Ra4 Bxe5 40. Rxa6 Kg7 41. Ra5 Kf6 42. Ra6 Bc7 43. Ra5 Re3 44. Rg5 h6 45. Rg4 Be5 46. Be4 Rb8 47. Rxg6+ Kf7 48. Rg4 Rc8 49. Bd5+ Kf6 50. Kg2 Ke7 51. Rg6 Rd8 52. Bc4 Rd2+ 53. Kh3 Kd8 54. h5 Kc7 55. Rg8 Rc2 56. Bd5 Rcc3 57. Kh4 Rxg3 58. Re8 Bd6 59. Re4 Rh3+ 60. Kg4 Rcg3+ 61. Kf5 Rxh5+ 62. Kf6 Rxd5 0-1

[Event "FIDE WCC Blitz Women 2019"]
[Site "Moscow"]
[Date "2019.12.30"]
[Round "10.20"]
[White "Sargsyan, Anna"]
[Black "Garifullina, Leya"]
[Result "1-0"]
[WhiteElo "1708"]
[BlackElo "2267"]
[Annotator "NA"]
[PlyCount "73"]
[EventDate "2019.12.29"]
[EventType "swiss"]
[EventCountry "RUS"]
[SourceTitle "playchess.com"]
[Source "ChessBase"]
[SourceQuality "1"]

1. e4 c5 2. Nf3 d6 3. Bb5+ Bd7 4. Bxd7+ Qxd7 5. O-O Nc6 6. c3 Nf6 7. d4 e5 8. Re1 Be7 9. Bg5 h6 10. Bh4 Rd8 11. Nbd2 O-O 12. Nf1 cxd4 13. cxd4 exd4 14. Nxd4 Ne5 15. Ne3 Ng6 16. Bxf6 Bxf6 17. Nd5 Be5 18. g3 Rc8 19. Qd2 Rc4 20. Nf5 Rfc8 21. Rac1 Rxc1 22. Rxc1 Rxc1+ 23. Qxc1 Qa4 24. Qc8+ Kh7 25. Nde7 Nxe7 26. Nxe7 h5 27. Qg8+ Kh6 28. Qxf7 Qd1+ 29. Kg2 Qg4 30. f3 Qg5 31. f4 Qg4 32. fxe5 Qe2+ 33. Qf2 Qxe4+ 34. Qf3 Qxe5 35. Nf5+ Kg6 36. Nh4+ Kh7 37. Qf5+ 1-0